Nageurs Mondiaux par Images #2 - Statistiques

Statistiques générales
  • Ce quiz a été pris 12 fois
  • Le résultat moyen est 7 sur 20
Statistiques - réponses
Par images Hint Réponse % Correct
France Léon Marchand
100%
France Florent Manaudou
91%
États Unis Katie Ledecky
64%
Canada Summer McIntosh
64%
Roumanie David Popovici
45%
États Unis Caeleb Dressel
36%
France Alex Portal
27%
Australie Ariarne Titmus
27%
Australie Emma McKeon
27%
Australie Kyle Chalmers
27%
États Unis Mark Spitz
27%
États Unis Robert Finke
27%
Suède Sarah Sjoestroem
27%
Royaume Uni Matthew Richards
18%
Chine Sun Yang
18%
États Unis Jenny Thompson
9%
États Unis Matt Biondi
9%
Chine Zhang Yufei
9%
Brésil Gabriel Geraldo Dos Santos Araujo
0%
Pays Bas Inje de Bruijin
0%
Aucun quiz correspondant
Distribution des résultats
% des personnes avec chaque résultat
Percentile par nombre de réponses
Votre historique - résultats
Vous n’avez pas pris ce quiz